Quiz wiedzy ogólnej społeczności #3 - Statystyki

Ogólne statystyki
  • Ten quiz został rozwiązany 40 razy
  • Średni wynik to 7 z 18
Statystyki odpowiedzi
Pytanie Odpowiedź % Poprawnych
Jakie imię i nazwisko nosił Jan Paweł II? Karol Wojtyła
91%
Jak nazywa się jedyny kraj, który opuścił UE? Wielka Brytania
84%
Jaka partia wygrała wybory parlamentarna w Polsce w 2015r? Prawo i Sprawiedliwość
81%
W jakim państwie urodził się Józef Stalin? Gruzji
72%
Jakie tablice rejestracyjne posiadają auta zarejestrowane w Szczecinie? ZS
72%
Jak nazywa się najgłębsze jezioro w Polsce? Hańcza
63%
Kto wyreżyserował Titanica? James Cameron
47%
Jakie jest rozwinięcie skrótu MMA? Mixed Martial Arts
38%
W jakim mieście zmarł Mikołaj Kopernik? Frombork
31%
Jak nazywa się przedsiębiorstwo, ktore stworzylo jako pierwsze przenosny telefon komorkowy? Motorola
31%
Jaki klub zajmuje najwyższą pozycję w tabeli wszechczasów Ekstraklasy, lecz nie posiada mistrzostwa? Pogoń Szczecin
31%
Jaka jest łacińska nazwa dla modlitwy "Zdrowaś Maryjo"? Ave Maria
25%
Jakie jest trzecie najmniejsze państwo pod względem powierzchni? Nauru
19%
W którym roku rozpoczęła się konfederacja barska? 1768
6%
Który pierwiastek chemiczny jako ostatni w układzie okresowym (bądź o największej liczbie atomowej) posiada conajmniej jeden stabilny izotop? Ołów
3%
Jak nazywa się dział mechaniki płynów zajmujący się badaniem cieczy w stanie spoczynku? Hydrostatyka
0%
Jakie miasto jest planowaną, przyszłą stolicą Indonezji? Nusantara
0%
Kto 1 maja 408 został cesarzem bizantyjskim? Teodozjusz II
0%
Nie znaleziono quizów pasujących do podanych kryteriów
Rozkład punktacji
Procent ludzi z każdym wynikiem
Percentyl według liczby udzielonych odpowiedzi
Twoja historia wyników
Nie rozwiązałeś tego quizu